I-vel kezdődő országok - Statistics

General Stats
  • This quiz has been taken 174 times
  • The average score is 6 of 7
Answer Stats
Ország % Correct
India
96%
Írország
94%
Indonézia
93%
Irán
93%
Irak
91%
Izland
83%
Izrael
74%
No matching quizzes found
Score Distribution
Percent of People with Each Score
Percentile by Number Answered
Your Score History
You have not taken this quiz